Koleksi komponen sesawang

Bibliographic Details
Main Author: Iskandar Ab Rashid
Other Authors: Zaitun Ismail
Format: Book
Language:Malay
Published: Batu Caves, Selangor : Venton pub. , 2007
Subjects:

MARC

LEADER 00000cam a2200000 7i4500
001 0000023431
005 20110920.0
008 110912s my a may
020 |a 9789833526666 
040 |a INS 
090 0 0 |a TK5105.888   |b I85 2007 
100 0 |a Iskandar Ab Rashid 
245 1 0 |a Koleksi komponen sesawang   |c Iskandar Ab Rashid, Zaitun Ismail 
260 |a Batu Caves, Selangor :   |b Venton pub. ,   |c 2007 
300 |a 206ms. :   |b il. ;   |c 25cm. 
500 |a Mengandungi indeks 
650 0 |a Web publishing 
650 0 |a Web site development 
650 0 |a Web Sites   |x Design 
700 0 |a Zaitun Ismail 
999 |a 1000000079   |b BOOK   |c Open Shelf   |e Default branch